000 00290nam a22001337a 4500
008 170923b xxu||||| |||| 00| 0 eng d
020 _a9780871203731
041 _aeng
080 _a37
100 _a46
101 _aEDU
245 _aTHE SOUL OF EDUCATION
_cKESSLER, R
942 _2udc
_cBK
999 _c29367
_d29367